LEADER 01352nam a2200301 u 4500 001 000000113793 003 CaOOAMICUS 005 20081104163259.0 008 081104s2007 it u000 u ita r 020 $a88-14-13607-6 040 $aPUL$bita$dLDB 100 1 $aBulygin, Eugenio,$d1931-$0(OLS)http://pul/name/70190 245 13$aIl positivismo giuridico /$cEugenio Bulygin ; a Pierluigi Chiassoni, Riccardo Guastini e Giovanni B. Ratti. 260 $aMilano :$bA. Giuffrè,$c2007. 300 $alxxi, 240 p. ;$c23 cm 490 1 $aGiuristi stranieri di oggi ;$v44 504 $aBibliografia in nota. 650 4$aPositivismo giuridico.$0(OLS)http://pul/subject/28177 700 1 $aGuastini, Riccardo.$0(OLS)http://pul/name/15052 700 1 $aRatti, Giovanni Battista.$0(OLS)http://pul/name/69498 700 1 $aChiassoni, Pierluigi.$0(OLS)http://pul/name/70191 830 0$aGiuristi stranieri di oggi ;$v44.$0(OLS)http://pul/title/11605 850 $aPUL 852 $aPUL$W1$xSL Diritto e Scienze Sociali 3$y79$m340. 02 COLL 2.44$j129987$qDDC 21$q $B129065$CPULBib$Z2$F129065 $H108554 $81 941 1 $a9 996 $6020$a88-14-13607-6$9(OLS)http://pul/number/139107 996 $6245$aIl positivismo giuridico$9(OLS)http://pul/title/142994 996 $6260$aMilano :$bA. Giuffrè$9(OLS)http://pul/publisher/48096 LEADER 01619nam a2200337 a 4500 001 000000158370 003 CaOOAMICUS 005 20170130132704.0 006 a 000 u 008 170130s2016 it m 001 u eng r 020 $z978-88-7839-345-5* 032 $aLibriCat 040 $aPUL$bita$d 100 1 $aBriese, Llane B.$0(OLS)http://pul/name/101139 245 00$aWalking the path of service : $ban Exegetical-Theological study of Gal 5,13-18 and 2Cor 4,1-6 /$cLlane B. Briese. 260 $aRoma :$bPontificia Università Gregoriana,$c2016. 300 $a333 p.;$c24 cm 490 1 $aTesi Gregoriana.$aSerie teologia ;$v223 502 $aTesi di Dottorato in Teologia-- Pontificia Universitas Gregoriana, 2016. 504 $aBibliografia: p. [307]-322. 630 04$aBiblia.$pN.T.$pAd Corinthios,$xEsegesi.$0(OLS)http://pul/subject/40965 630 04$aBiblia.$pN.T.$pAd Galatas$xEsegesi.$0(OLS)http://pul/subject/35239 710 2 $aPontificia Università Gregoriana.$bFacoltà di teologia.$kTesi.$0(OLS)http://pul/name/81592 830 0$aTesi Gregoriana.$pSerie teologia ;$v223.$0(OLS)http://pul/title/39607 850 $aPUL 852 $aPUL$W1$xDP1 Tesi Pon. Univ. Gregoriana$y40$m2016 B 20$j181700$qTesi$B184857$CPULBib$Z2$F184857 $82 941 1 $a16 996 $6020$z978-88-7839-345-5*$9(OLS)http://pul/number/161973 996 $6245$aWalking the path of service : $ban Exegetical-Theological study of Gal 5,13-18 and 2Cor 4,1-6$9(OLS)http://pul/title/197992 996 $6260$aRoma :$bPontificia Università Gregoriana$9(OLS)http://pul/publisher/47853